| 000 | 00896nam a2200277 a 4500 | ||
|---|---|---|---|
| 003 | CO-ViMGA | ||
| 005 | 20230915233126.0 | ||
| 008 | 130221s2012 sp a jr 00010 spa d | ||
| 020 | _a9788496646766 | ||
| 040 |
_aCO-ViMGA _bspa _cCO-ViMGA |
||
| 041 | 1 | _hger | |
| 043 | _ae-gx--- | ||
| 082 | 0 | 4 |
_aA HENp2 _219 |
| 100 | 1 |
_aHenning, Annika. _92883 |
|
| 245 | 1 | 3 |
_aEl perrito Rund y la planta / _cAnnika Henning, Maria Nilsson. |
| 260 |
_aSalamanca : _bEdiciones Lóguez, _c2012. |
||
| 300 |
_a[14] p. : _bil. ; _c16 cm. |
||
| 534 |
_pTítulo original : _tHunden rund planterar. |
||
| 650 | 1 | 4 |
_aPlantas _v Cuentos infantiles. _92888 |
| 650 | 1 | 4 |
_aCuentos infantiles alemanes. _994 |
| 650 | 1 | 4 |
_aLibros ilustrados para niños. _987 |
| 650 | 1 | 4 |
_aPerros _v Cuentos infantiles. _92884 |
| 650 | 1 | 4 |
_aSemillas _v Cuentos infantiles. _92887 |
| 700 | 1 |
_aNilsson, Maria. _92886 |
|
| 942 |
_2ddc _cBK |
||
| 999 |
_c35374 _d35374 |
||